Gryffindor Characters - Sudden Death - Statistics

General Stats
  • This quiz has been taken 64 times
  • The average score is 5 of 15
Answers on the Grid
Answers color-coded by a green-red scale on the quiz's grid according to % correct below.
Padma Patil
The Gray Lady
Gilderoy Lockhart
Filius Flitwick
Luna Lovegood
Cho Chang
Roger Davies
Marietta Edgecombe
Penelope Clearwater
Anthony Goldstein
Garrick Ollivander
Michael Corner
Terry Boot
Moaning Myrtle
Quirinus Quirrel
Minerva McGonagall
Hermione Granger
Seamus Finnigan
Harry Potter
Ron Weasley
Nearly Headless Nick
Sir Cadogan
Neville Longbottom
Albus Dumbledore
Arthur Weasley
Peter Pettigrew
Lee Jordan
Andrew Kirke
Ginny Weasley
Parvati Patil
Zacharias Smith
Pomona Sprout
Fat Friar
Susan Bones
Justin Finch-Fletchley
Cedric Diggory
Ernie MacMillan
Hannah Abbott
Nymphadora Tonks
Alastor "Mad Eye" Moody
Newt Scamander
Stebbins
Hengist of Woodcroft
Teddy Lupin
Helga Hufflepuff
Draco Malfoy
Millicent Bullstrode
Dolores Umbridge
Bloody Baron
Voldemort
Theodore Nott
Blaise Zabini
Horace Slughorn
Severus Snape
Marcus Flint
Alecto Carrow
Merlin
Gregory Goyle
Avery
Andromeda Tonks
 
Answer Stats
Answer % Correct
Harry Potter
70%
Hermione Granger
52%
Ginny Weasley
48%
Neville Longbottom
48%
Seamus Finnigan
43%
Albus Dumbledore
39%
Arthur Weasley
35%
Minerva McGonagall
35%
Lee Jordan
30%
Nearly Headless Nick
30%
Peter Pettigrew
30%
Ron Weasley
30%
Parvati Patil
22%
Andrew Kirke
9%
Sir Cadogan
9%
No matching quizzes found
Score Distribution
Percent of People with Each Score
Percentile by Number Answered
Your Score History
You have not taken this quiz